000 00399nam a22001457a 4500
999 _c3067
_d3067
008 200319b ||||| |||| 00| 0 eng d
100 _92542
_aSubramaniam, H.
245 1 0 _aPractical navigation Almanac /
_cby H. Subramaniam.
250 _a4th ed.
260 _aMumbai:
_bVijaya Publications,
_c2009.
300 _axii,242p.
440 _aNutshell Series book 1
650 0 _aNavigation
942 _cBK